De golondrinas y otros migrantes : trabajo rural y movilidad espacial en el norte de la Patagonia argentina y regiones chilenas del centro-sur /

Guardado en:
Autor Principal: Bendini, Mónica Isabel, (coord.)
Otros Autores: Radonich, Martha Mabel, (coord.)
Formato: Desconocido
Idioma:Spanish
Publicado: Buenos Aires : La Colmena, 1999
Series:Cuadernos del GESA II
Materias:
Etiquetas: Agregar Etiqueta
Sin Etiquetas, Sea el primero en etiquetar este registro!
LEADER 00749nac a22001815a 4500
001 DER.der000779
008 180615s1999####|||||||||||||||||#||spa||
005 20251112092910.0
245 1 0 |a De golondrinas y otros migrantes :  |b trabajo rural y movilidad espacial en el norte de la Patagonia argentina y regiones chilenas del centro-sur /  |c coordinado por Mónica Isabel Bendini y Martha Mabel Radonich. 
260 |a Buenos Aires :  |b La Colmena,  |c 1999 
300 |a 154 p. 
440 0 |a Cuadernos del GESA  |v II 
020 |a 9879028198 
100 1 |a Bendini, Mónica Isabel,  |e coord. 
700 1 |a Radonich, Martha Mabel,  |e coord. 
650 7 |a DERECHO LABORAL 
859 |a DERECHO  |b BIB. DERECHO  |h 344.01  |i BEN  |p 001387 
859 |a DERECHO  |b BIB. DERECHO  |h 344.01  |i BEN  |p 001388  |t 1